Supporting Actor/Picture Oscar Winners Quiz Stats

 Plays Quiz not verified by Sporcle

Support Sporcle.
Go Orange.
Score 0/15 Timer 04:00
0 Plays Today
Movie name % Correct
The Godfather Part II
87%
Unforgiven
87%
Million Dollar Baby
87%
Terms of Endearment
86%
The Deer Hunter
83%
Ordinary People
82%
No Country for Old Men
82%
Ben-Hur
81%
Movie name % Correct
West Side Story
79%
From Here to Eternity
78%
The Best Years of Our Lives
75%
Going My Way
73%
All About Eve
73%
The Life of Emile Zola
64%
How Green Was My Valley
63%

You're not logged in!

Compare scores with friends on all Sporcle quizzes.
OR
Log In

From the Vault

Geography: Go 'South'

by Kicking222

Birds always need somewhere to fly for the winter.
Remove Ads.
Support Sporcle.
Get the best of Sporcle when you Go Orange. This ad-free experience offers more features, more stats, and more fun while also helping to support Sporcle. Thank you for becoming a member.

Show Comments

Extras

Top Quizzes Today


Score Distribution

Your Account Isn't Verified!

In order to create a playlist on Sporcle, you need to verify the email address you used during registration. Go to your Sporcle Settings to finish the process.

Report this User

Report this user for behavior that violates our Community Guidelines.

Details: